000 00336nam a2200133Ia 4500
008 191201s2005 xx 000 0 und d
082 _a658.5
_bCHE
100 _aCHHABRA, T N
245 0 _aEssentials of Organizational Behaviour
260 _aN.Delhi
_bDhanpat Rai Pub (P) Ltd
_c2005
300 _a557
650 _aMBA
942 _2ddc
_cBK
999 _c2376
_d2376